| 000 | 00655nam a2200193Ia 4500 | ||
|---|---|---|---|
| 001 | 10433 | ||
| 003 | GE_BSU | ||
| 008 | 181216s||||||||xx |||||||||||||| ||und|| | ||
| 040 | _cGE_BSU | ||
| 245 | _aქართული ხალხური პოეზია | ||
| 245 | _cშემდგ:ელენე ვირსალაძე;ილ:ნიკოლოზ იგნატოვი. | ||
| 260 | _aთბილისი | ||
| 260 | _bსაბჭ.საქართველო | ||
| 260 | _c1974 | ||
| 300 | _a318გვ;17სმ. | ||
| 300 | _bილ. | ||
| 653 | _aქართული ხალხური პოეზია | ||
| 942 | _cBK | ||
| 999 |
_c43693 _d43693 |
||